| 000 -LEADER | |
|---|---|
| fixed length control field | 00522nam a22001697a 4500 |
| 005 - DATE AND TIME OF LATEST TRANSACTION | |
| control field | 20260310152541.0 |
| 008 - FIXED-LENGTH DATA ELEMENTS--GENERAL INFORMATION | |
| fixed length control field | 260309b |||||||| |||| 00| 0 eng d |
| 020 ## - INTERNATIONAL STANDARD BOOK NUMBER | |
| ISBN | 978-81-7622-322-5 |
| 041 ## - LANGUAGE CODE | |
| Language code of text/sound track or separate title | eng |
| 082 ## - DEWEY DECIMAL CLASSIFICATION NUMBER | |
| Classification number | 631.875 SIN-T |
| 100 ## - MAIN ENTRY--AUTHOR NAME | |
| Personal name | SINGH, DR. KESHAV AND NATH, DR. GORAKH & SHUKLA, DR. RABISH CHANDRA AND BHARTIYA, DR. DEEPAK KUMAR |
| 245 ## - TITLE STATEMENT | |
| Title | A TEXTBOOK OF VERMICOMPOST VERMIWASH AND BIOPESTICIDES |
| 260 ## - PUBLICATION, DISTRIBUTION, ETC. (IMPRINT) | |
| Place of publication | NEW DELHI |
| Name of publisher | BIOTECH |
| Year of publication | 2025 |
| 300 ## - PHYSICAL DESCRIPTION | |
| Number of Pages | 90;P |
| 650 ## - SUBJECT ADDED ENTRY--TOPICAL TERM | |
| Topical Term | AGRICULTURE |
| 942 ## - ADDED ENTRY ELEMENTS (KOHA) | |
| Koha item type | Books |
| Lost status | Damaged status | Collection code | Home library | Current library | Shelving location | Date acquired | Source of acquisition | Cost, normal purchase price | Serial Enumeration / chronology | Full call number | Accession Number | Koha item type |
|---|---|---|---|---|---|---|---|---|---|---|---|---|
| AGRICULTURE | JRU Library | JRU Library | NEW ARRIVAL SHELF | 09/03/2026 | PURCHASE | 900.00 | BILL NO.LBI/000880 DATE-6/03/2026 | 631.875 | 29292 | Books |